01483nam a22003737a 4500003000500000005001700005008004100022010001000063011001000073035001100083040000900094090001000103100004600113245016900159260004300328300001100371502012800382590003700510590004100547590004100588590004100629590004200670650003100712650003300743650003200776650003100808650003300839901000700872905001000879942001000889949005800899999001700957952013500974CHAP20220329143107.0060310d2005 mx r 00110 spa d a91846 a92818 a103384 cCHAP aTesis1 aMijangos Cortés, Javier Orlando.97563310aEstudio de la diversidad genética y relaciones filogenéticas en poblaciones de maíz de la Sierra Tarasca de Michoacánc/por Javier Orlando Mijangos Cortés aMontecillo, Méx. :bEl autor,c2005. a223 h. aTesis (Doctor en Ciencias) - - Colegio de Postgraduados. Campus Montecillo. Recursos Genéticos y Productividad Genética aALEPHb10c20130110lUCH01h1510 aBATCH-UPDb10c20130110lUCH01h0645 aBATCH-UPDb10c20130410lUCH01h0329 aBATCH-UPDb10c20130914lUCH01h1756 aCONVERSIONb10c20130109lUCH01h135114aMaízxGenética.97096314aMaízxMejoramiento.97100614aMaízxMichoacán.97101914aMaízxVariedades.97108114aRecursos genéticos.995078 aBK aLilia cTESIS aTesisbBCcTESd33724000958401eTS1h44727i103384sb c91846d91846 00102local4051708TESISaBCbBCcPA_TESISd2019-12-31fTESISl0oTesisp33724000958401r2019-12-31 00:00:00w2019-12-31yTESIS